Autoritarismo y democracia 1955-1983

Gespeichert in:
Bibliographische Detailangaben
1. Verfasser: Cavarozzi, Marcelo (autor)
Format: Buch
Sprache:Spanisch
Veröffentlicht: Buenos Aires Centro Editor de America Latina 1983
Schriftenreihe:Biblioteca Política Argentina, 21
Schlagworte:
Tags: Tag hinzufügen
Keine Tags, Fügen Sie den ersten Tag hinzu!

MARC

LEADER 00000nam a2200000 a 4500
001 UCO8210
003 CL-VaPUC
008 001201e19830000AG |||||||||||||||||spa|d
082 0 4 |a 320.982  |b CAV  |2 21 
100 |a Cavarozzi, Marcelo  |e autor  |9 453047 
245 1 0 |a Autoritarismo y democracia 1955-1983 
300 |a 142 p 
942 |c BK 
945 |d 20001201 00:00:00  |a crobeson 
260 |a Buenos Aires  |b Centro Editor de America Latina  |c 1983 
500 |a Donación del profesor Manfred Wilhelmy von Wolff 
650 7 |a POLITICA Y GOBIERNO 1955-1983  |2 CL-VaPUC  |9 256977 
650 7 |a REGIMEN MILITAR  |2 CL-VaPUC  |9 356963 
650 0 |a Transición democrática  |9 336882 
651 0 |a Argentina  |9 254888 
583 |a last modification  |c 20001201 00:00:00  |k Rodrigo Vera 
490 0 |a Biblioteca Política Argentina, 21 
999 |c 292936  |d 292934 
952 |0 0  |1 0  |4 0  |6 320_982000000000000_CAV_1983  |7 0  |8 A  |9 344018  |a BIBHIS  |b BIBHIS  |d 2019-11-20  |i 123062K  |l 1  |o 320.982 CAV 1983  |p 123062K  |r 2025-01-20  |s 2024-06-24  |w 2019-11-20  |y BK  |k HIS